Biblioteca infatil histórico-biográfica /

Compilación de personajes que han sobresalido en campos tan diversos como la política, filosofía, música, escrituran, entre otros.

Guardado en:
Detalles Bibliográficos
Autor principal: Vidal de Valenciano, Cayetano (autor)
Formato: Libro
Idioma:Español
Colección:(Biblioteca Infatil Histórico-Biográfica)
Temas:
Etiquetas: Agrega una etiqueta
Sin etiquetas, Sé el primero en etiquetar este registro!

MARC

LEADER 00000nam^a2200000^a^4500
001 000127723
005 20250526000000.0
009 20260310094812.824
037 |a Acervo ITESO - Biblioteca 
041 |a ESP 
082 |a 920. 02  |b VID 
100 |a Vidal de Valenciano, Cayetano  |e (autor) 
240 1 1 |a [Biblioteca infatil histórico-biográfica] 
245 1 0 |a Biblioteca infatil histórico-biográfica /  |c C. Vidal de Valenciano... [et al.]. 
264 |a Barcelona, España :  |b Librería de Juan y Antonio Bastinos,  |c 1885 
300 |a 1 v. (varias paginaciones) ;  |c 14.5 cm. 
440 1 |a (Biblioteca Infatil Histórico-Biográfica) 
520 |a Compilación de personajes que han sobresalido en campos tan diversos como la política, filosofía, música, escrituran, entre otros. 
649 |a XX 
650 |a Biografías 
910 |a Fondo Salvador Reynoso Reynoso 
920 |a Impresos - Libros 
930 |a Libros Antiguos y Raros 
905 |a 108 
901 |a 0800009663  |b IT2  |c LRA  |u 20250526 
902 |a https://opac.biblio.iteso.mx/vufind/Record/000127723